000 00945cab a2200265 4500
001 ABS55420
008 090401t1996 xxu||||| |||| 00| 0 eng d
035 _a(Sirsi) u16307
041 _aeng
100 _aBayram, P.
245 _aRate rules set fair for the millennium
260 _c1996
350 _a0
490 _aProperty Week
_v55(13) 28 June 1996, 26(1)
520 _aConsiders the problems of the current rating system by looking ahead to the changes planned for the rating revaluation in the year 2000. Concludes that at present, the most significant area of inequality is that of the application of transitional adjustments or phasing to rate liability.
650 _aBUSINESS RATES
650 _aRATES REVALUATION
650 _aRATING SYSTEM
650 _aRATING
650 _aRATING REVALUATION 2000
650 _aTRANSITIONAL ADJUSTMENTS
690 _aRATING AND VALUATION
942 _n0
948 _c04/03/1997
999 _c10721
_d10721